[Event "Alushta4"]
[Site "Alushta"]
[Date "1994.??.??"]
[Round "2"]
[White "Morozevich, Alexander"]
[Black "Graf, Alexander"]
[Result "0-1"]
[WhiteElo "2590"]
[BlackElo "2575"]
[Annotator "Blatny,P"]
[PlyCount "118"]
[EventDate "1994.??.??"]
[EventType "tourn"]
[EventRounds "9"]
[EventCountry "UKR"]
[EventCategory "13"]
[SourceTitle "CBM 042"]
[Source "ChessBase"]
[SourceDate "1994.10.01"]
[SourceVersion "1"]
[SourceVersionDate "1994.10.01"]
[SourceQuality "1"]

1. e4 {Hecht} e5 2. Nf3 Nc6 3. Bc4 Nf6 4. Ng5 d5 5. exd5 Na5 6. Bb5+ c6 7. dxc6
bxc6 8. Be2 h6 9. Nf3 e4 10. Ne5 Bd6 11. d4 exd3 (11... c5 $5) 12. Nxd3 Qc7 13.
b3 O-O (13... c5 14. c4 Bb7 15. Nc3 $5 (15. Bf3 O-O-O 16. Bxb7+ Nxb7 {/\Rhe8~/=
}) 15... Bxg2 (15... a6 16. Bf3 O-O-O 17. Qe2 $14) 16. Nb5 Qe7 (16... Qc6 17.
Nb4 $1 cxb4 18. Qxd6 $1 Qxd6 19. Nxd6+ Kd7 20. Rg1 $16 {^^,פa5}) 17. Rg1 $36)
14. Bb2 Ne4 (14... Re8 15. h3 Nd5 16. O-O Qe7 17. Nc3 $1 Nxc3 18. Bxc3 $14 {
Kasparov-Timman/Moskva/1994/}) 15. Nc3 (15. Nd2 $5) 15... f5 16. h3 (16. f3 Nc5
17. Qd2 Rd8 18. g3 $13 (18. O-O-O $4 Nxd3+ 19. Qxd3 Bf4+ $19)) 16... Ba6 (16...
Rb8 $5) 17. O-O Rad8 18. Qe1 {/\Rd1,פa5} c5 19. Kh1 (19. Rd1 c4 $13) 19... Nc6
$6 (19... Bb7 $142 20. Bf3 Rfe8 21. Qd1 $13) 20. Nxe4 fxe4 21. Nxc5 $1 Bxc5 (
21... Bxe2 22. Qxe2 Bxc5 23. Qc4+ $18) 22. Bxa6 Qf4 23. Qe2 $2 (23. Bb7 Rd2 $1
(23... Bd6 $2 24. g3 Qf3+ 25. Kh2 $1 $18) 24. Bxc6 Bd6 25. g3 Qf3+ 26. Kg1 Bc5
$1 27. Qxd2 $8 Qxg3+ 28. Kh1 Qxh3+ (28... Bxf2 $4 29. Bd5+ Kh7 30. Bxe4+ $18)
29. Kg1 Qg3+ $10) (23. Rd1 $142 Bd6 (23... Bxf2 $2 24. Qc3 Rf6 25. Qc4+ $18) (
23... Rxd1 24. Qxd1 Bd6 25. g3 $18 {/^d1-h5}) 24. Rxd6 Qxd6 (24... Rxd6 25. Ba3
$18) 25. Bc4+ Kh8 26. Qxe4 $18 {_|_}) 23... Ne5 24. Rad1 Nf3 $1 25. gxf3 Qf5
26. Qc4+ (26. Bc4+ $142 Kh8 27. Bxg7+ Kxg7 (27... Kh7 28. Qxe4 $18) 28. Rg1+
Kh8 29. Rg3 Rxd1+ 30. Qxd1 Bxf2 31. Qd2 $1 Bc5 $8 (31... e3 32. Qd4+ Rf6 33.
Rg8+ Kh7 34. Qxa7+ Rf7 35. Qxf7+ Qxf7 36. Bxf7 e2 37. Re8 $18) 32. Qxh6+ Qh7
33. Qxh7+ Kxh7 34. fxe4 $18) 26... Kh8 27. Bxg7+ Kxg7 28. Qc3+ Rf6 29. fxe4
Qxe4+ 30. f3 Qh4 (30... Qf5 31. Rg1+ $1 Bxg1 32. Qc7+ Rf7 33. Qg3+ $18) 31.
Rg1+ $1 Kh7 $6 (31... Bxg1 $142 32. Rxd8 Bc5 $1 (32... Qxh3+ 33. Kxg1 Qg3+ 34.
Kf1 Qh3+ 35. Ke1 Qg3+ 36. Kd2 Qg5+ 37. f4 $1 Qxf4+ 38. Kd1 $18) 33. Rd7+ (33.
Bf1 Qg5 34. Rd4 $8 Bxd4 $14) 33... Kh8 34. Bf1 Qg5 $1 35. Rd4 $8 Bxd4 $14) 32.
Bd3+ Kh8 33. Bf5 $1 Bd4 34. Qc7 $4 (34. Qd3 $1 Rff8 (34... Rdd6 35. Qc4 $1 Rf8
(35... Rd8 36. Rxd4 $1 Qxd4 37. Rg8+ $18) 36. c3 Qf4 37. Bg4 $18) 35. Rgf1 (35.
Qe4 $6 Qxe4 36. Bxe4 Bxg1 37. Rxd8 Rxd8 38. Kxg1 $16 {_|_}) 35... Be5 (35...
Bg7 36. Qe4 $18) 36. Qe3 $1 $18) 34... Rxf5 $19 35. Rg3 $6 (35. Qg3) 35... Rf7
$2 (35... Rc5 $19) 36. Qxf7 Qxg3 37. Qh5 Qg7 38. c3 $2 (38. Qg4 $1 {=/+/-/+})
38... Rg8 39. Qg4 Bxc3 $19 {_|_} 40. Rd7 Qe5 41. Qe4 Qxe4 42. fxe4 Rg7 43. Rd3
Bb4 44. Rd4 Bc5 45. Rd5 Ba3 46. Kh2 Rg5 47. Rd8+ Kh7 48. Rd7+ Rg7 49. Rd5 Bb4
50. h4 Re7 51. Rd4 Bc5 52. Rc4 Bf2 53. Kh3 h5 54. b4 Kg7 55. a4 Kf6 56. Kg2 Bb6
(56... Bxh4 {Hecht} 57. e5+ $10) 57. a5 Rc7 $1 58. axb6 (58. Rxc7 {Hecht} Bxc7
59. Kf3 Ke5 60. Ke3 Bd6 61. b5 Bc7 62. b6 Bxb6+ 63. axb6 axb6 64. Kd3 b5 65.
Kc3 Kxe4 66. Kb4 Kf4 67. Kxb5 Kg4 68. Kc4 Kxh4 69. Kd3 Kg3 70. Ke2 Kg2 $19)
58... Rxc4 59. bxa7 Rc2+ 0-1

[Event "RUS-Cup7"]
[Site "Kstovo"]
[Date "1997.05.09"]
[Round "8"]
[White "Beshukov, Sergei"]
[Black "Malaniuk, Vladimir P"]
[Result "0-1"]
[WhiteElo "2435"]
[BlackElo "2610"]
[Annotator "Blatny,P"]
[PlyCount "59"]
[EventDate "1997.05.01"]
[EventType "swiss"]
[EventRounds "9"]
[EventCountry "RUS"]
[SourceTitle "CBM 059"]
[Source "ChessBase"]
[SourceDate "1997.08.01"]
[SourceVersion "1"]
[SourceVersionDate "1997.08.01"]
[SourceQuality "1"]

1. e4 e5 2. Nf3 Nc6 3. Bc4 Nf6 4. Ng5 d5 {[%csl Yd5,Ye4]} 5. exd5 Na5 6. Bb5+
c6 7. dxc6 bxc6 8. Be2 h6 9. Nf3 e4 {[%csl Rd3,Re4,Rf3]} 10. Ne5 Qc7 (10... Qd4
11. Ng4 Bxg4 12. Bxg4 e3 13. Bf3 exf2+ 14. Kf1 $13 {1-0 Neumann,A-Keskowski,T/
Dresden op 1993 (41)}) (10... Bd6 11. Ng4 Nxg4 12. Bxg4 Qg5 13. h3 h5 14. d3
Qg6 15. Bxc8 Qxg2 16. Bd7+ $132 {1-0 Kiss,R-Korosparti,S/tt-HUN2 Postas
SE-Haladas 1992 (45)}) (10... Bc5 11. c3 Bd6 12. d4 Qc7 13. b4 Nb7 14. O-O Bxe5
15. dxe5 Qxe5 16. Be3 $14 {Stamenkovic,B-Ostojic,N/Cetinje tt 1990/0-1 (60)})
11. d4 exd3 12. Nxd3 Bd6 13. b3 c5 (13... Bf5 14. Bb2 O-O-O 15. Nd2 Rhe8 16.
Kf1 Kb8 17. b4 Nb7 18. a3 Bxh2 $15 {1/2-1/2 Short,N-Van der Sterren,P/Wijk
1987 (41)}) (13... Be5 14. Nxe5 Qxe5 15. c3 O-O 16. O-O Re8 17. Bf3 Ba6 $132 {
1/2-1/2 Harding,T-Griffiths,P/Dublin Telecom 1991 (22)}) 14. Bf3 (14. Na3 Bd7
15. h3 O-O 16. O-O Rab8 $44 {1/2-1/2 Herbrechtsmeier,C-Spassky,B/BL 1986 (31)})
14... Rb8 15. c4 {[%csl Rb4,Gb5,Rd4,Gd5]} (15. Qe2+ Be6 (15... Kd8 16. c4 Re8
17. Be3 Nb7 18. h3 $14) 16. Bb2 O-O 17. Bxf6 gxf6 18. Qe3 $13) 15... O-O 16.
Bb2 {[%cal Gb2g7,Gf3a8]} (16. Be3 $5) 16... Re8+ {[%csl Rc4][%cal Re8e1,Rc8a6,
Ra6f1,Ra5c4]} (16... Bf5 17. Bxf6 Rfe8+ 18. Kf1 gxf6 19. Nc3 $13) 17. Kf1 Ne4 (
17... Qe7 18. Nc3 Bf5 19. Nd5 Nxd5 20. Bxd5 $132) 18. Bxe4 Rxe4 19. Nc3 Re6 20.
Nb5 Qd7 21. Qc2 (21. Qh5 Ba6 22. Nxd6 Qxd6 23. Rd1 Nxc4 24. bxc4 Bxc4 25. Kg1
Bxd3 $19) 21... Rxb5 $1 (21... Bb7 22. Qc3 Rg6 $132) 22. cxb5 (22. Qc3 f6 23.
cxb5 Qxb5 24. Rd1 c4 25. Kg1 Bb7 $132) 22... Qxb5 {[%csl Rd3][%cal Rb5f1]} 23.
Rd1 (23. Kg1 c4 24. Qc3 f6 25. Rd1 Bb7 $132) 23... Ba6 {[%csl Rd3][%cal Ra6f1]}
(23... Bb7 24. Bc3 c4 $36) 24. h4 {[%cal Gh1h3,Gh3d3]} (24. Ba1 c4 25. Qc3 Rg6
$17) 24... c4 $1 {[%cal Ra5c4,Rc4b2,Rc4d3]} 25. bxc4 (25. Qc3 Bf8 26. bxc4 Nxc4
27. Kg1 Re2 $36) 25... Nxc4 26. Bc3 (26. Ba1 $5) 26... Qf5 {[%csl Rd3][%cal
Rf5d3,Ra6d3,Rf5f1]} 27. Kg1 Bb7 {[%cal Rb7g2,Rf5g4,Rg4g2,Re6g6,Rg6g2]} 28. Nb4
Be4 (28... Qg4 29. Nd5 Rg6 $40) 29. Qe2 Rg6 30. Qf1 (30. h5 Rxg2+ 31. Kf1 Bf3
32. Qe8+ Kh7 33. Rxd6 Nxd6 34. Qe5 Qxe5 35. Bxe5 Rg5 36. Bxd6 Bxh1 $19) 0-1

[Event "Los Angeles Metropolitan 11th"]
[Site "Los Angeles"]
[Date "2011.08.27"]
[Round "9"]
[White "Molner, Mackenzie"]
[Black "Bojkov, Dejan"]
[Result "0-1"]
[WhiteElo "2447"]
[BlackElo "2544"]
[Annotator "Bojkov,D"]
[PlyCount "167"]
[EventDate "2011.08.23"]
[EventType "tourn"]
[EventRounds "11"]
[EventCountry "USA"]
[EventCategory "10"]
[SourceTitle "CBM 144"]
[Source "ChessBase"]
[SourceDate "2011.09.16"]
[SourceVersion "1"]
[SourceVersionDate "2011.09.16"]
[SourceQuality "1"]

{Before the final round of the Metropolitan Invitational GM tournament T.
Gareev was leading with 6/8, followed by me and Z. Amanov on 5.5/8. There were
only two prizes which meant that I needed to play for a win as Black.} 1. e4 e5
2. Nf3 Nc6 3. Bc4 Nf6 4. Ng5 d5 5. exd5 Na5 6. Bb5+ c6 7. dxc6 bxc6 8. Be2 {
Surprise! In our previous encounter in January, Mackenzie chose:} (8. Bd3) 8...
h6 9. Nf3 e4 10. Ne5 Bc5 {A tricky move order. Black provokes his opponent to
"win" a tempo.} 11. c3 Qc7 12. d4 exd3 13. Nxd3 Bd6 {However, it now becomes
obvious that the pawn on c3 hinders White's normal development. It deprives
White of the c3-square, and also makes the fianchettoeing of the black-squared
bishop less effective.} 14. Nd2 O-O $5 {I played this too quickly, simply
forgetting the theory. The other natural move is:} (14... Bf5 {intending to
bring the rook as fast as possible to d8 to torture her Majesty on the open
file. One famous example is:} 15. b4 Nb7 16. Nc4 Rd8 17. Be3 O-O 18. Bxa7 Nd5
19. Bd4 Rfe8 20. Nxd6 Nxd6 21. O-O Nb5 {and Black had dangerous threats.} 22.
Qd2 Ndxc3 23. Bxc3 Rxe2 24. Qxe2 Nxc3 25. Qc2 Rxd3 {as in Sutovsky-Postny, Tel
Aviv 2001.}) 15. b4 Nb7 16. Nc4 Nd5 {I was also considering the "all in play":}
(16... Bxh2 {but was not yet in the mood for it} 17. g3 ({There is also the
idea} 17. Bxh6 $5 Re8 18. Be3 Be6 19. Nd2 Nd5 20. Bd4 Bg4 21. Nf3 Bxf3 22. gxf3
$44 {Ninov,N (2518)-Burguete Archel,E (2187)/ Pamplona 2007/CBM 121 Extra (39)}
) 17... Bxg3 18. fxg3 Qxg3+ 19. Kd2 Nd6 $5 $44) 17. Nxd6 $146 (17. Bd2 {
is an alternative when Black can still sacrifice the piece: or play it safe:}
Re8 (17... Bxh2 18. g3 Bxg3 19. fxg3 Qxg3+ 20. Nf2 (20. Kf1 Bh3+) 20... Re8 $44
)) (17. Bb2 Bf5 18. Nxd6 Nxd6 19. O-O Nc4 $36 {[%cal Ga8d8,Gf8e8]}) (17. Qc2
Bf5 {[%csl Rc2][%cal Rf5c2]}) ({The only other game that I found in Megabase
saw} 17. Qb3 $6 Re8 18. Ne3 a5 {instead} (18... Be6 $15) 19. Nxd5 cxd5 20. Be3
Bf5 {with good compensation for Black in Markgraf,A (2345)-Walter,S (2194)/
Germany 2004/EXT 2006 (31)}) 17... Nxc3 {Now forced play starts:} (17... Nxd6
18. O-O Nxc3 19. Qc2 Nxe2+ 20. Qxe2 $14 {[%csl Ya7,Yc6][%cal Gc1b2]}) 18. Qc2 (
18. Nb5 $6 cxb5 19. Qc2 Re8 $15) 18... Nxe2 19. Qxe2 (19. Nxc8 Nxc1 20. Rxc1
Re8+ $15) (19. Nxb7 Nxc1 20. Rxc1 Re8+ 21. Kf1 Bxb7 $15) 19... Qxd6 $1 {
Playing for the full point. I am trying to decoy white pieces on to vulnerable
positions.} (19... Nxd6 {was the move, which I had been intending to play from
far back, with the possible line} 20. Bf4 Ba6 21. O-O Rad8 22. Rfd1 Qc8 {
[%csl Rd3,Re2,Rf4][%cal Gc8f5]} 23. Qc2 Qf5 24. Qxc6 $140 (24. Qc5 Bxd3 25.
Bxd6 Rfe8 $11) 24... Bxd3 25. Bxd6 {However, Black wins more easily in this
line:} Qg6 $1 ({and here I intended} 25... Be4 26. Qc5 ({but missed} 26. Qc3 $1
) 26... Qg4 {[%csl Rd1,Rg2]} 27. f3 Bxf3 $40)) 20. Bf4 $8 (20. O-O Bf5 $15 21.
Rd1 Rad8 22. Nb2 Qxb4) 20... Qd4 21. Be5 $8 (21. O-O $2 Bf5 22. Qe7 Bxd3 23.
Be3 Qe4 24. Qxb7 Bxf1 $19) 21... Qc4 22. Rc1 (22. O-O Bf5 23. Nf4 Qxe2 24. Nxe2
Rfe8 $19 {[%csl Re2,Re5]}) 22... Qb5 23. Bc3 $2 {After solving many problems,
White fails in the final exam. The last only move was:} (23. a4 $1 Qxa4 24. O-O
$44 {[%csl Ya7,Rb7,Yc6] when the awkward position of the knight on b7, and the
weak a- and c-pawns give full compensation for the sacrificed pawn.}) 23... Bf5
{It is my turn now to create threats, and the opposite coloured bishops will
only help.} 24. Ne5 f6 25. Qc4+ (25. Qxb5 $143 cxb5 26. Nc6 Rfe8+ 27. Kd1 Be4
$17 (27... Nd6)) 25... Qxc4 ({The computer suggests} 25... Kh7 26. Qxc6 Qb6 27.
Qxb6 axb6 28. Nc4 Rxa2 $36 {[%cal Gf8e8]}) 26. Nxc4 Rfe8+ 27. Ne3 Bd3 {[%csl
Gd3,Ye1][%cal Gf6f5,Gf5f4,Ga8d8,Rc6c5,Rb7c5] White does not have the chance to
castle, and to connect the rooks, and his defence is very, very difficult.} 28.
Rd1 Rad8 29. Kd2 c5 $1 ({Bringing the last piece into the attack. Of course
not:} 29... Bc4+ 30. Kc2 Bxa2 31. Rxd8 Rxd8 32. Ra1 Bf7 33. Rxa7 Nd6 $11) 30.
Kc1 cxb4 31. Bxb4 Re4 32. Bc3 (32. a3 a5 33. Bc3 Nc5 $17 {[%csl Rb3][%cal
Gc5b3,Gd8b8,Gb8b1,Ye4a4]}) (32. Ba3 Ra4 33. Kb2 Na5 $17 {[%cal Gd8b8,Ra4a3]})
32... Nc5 33. Rd2 Rb8 $1 {Gains an important tempo. White's threat is seen in
the line:} (33... Rc8 $2 34. Rhd1 Ba6 35. Rd8+ $11) 34. Rb2 {Please, allow me
one small demonstration of the attack with bishops of opposite colours:} (34.
Bb2 Ra4 35. Rhd1 Rxa2 36. h3 Ra1+ (36... Nb3#) 37. Bxa1 Rb1#) 34... Rc8 35. Rd1
Kh7 $5 {I was very proud of this prophylactic move, which prevents White from
trading pieces.} ({However,} 35... Ree8 $1 36. Rb4 Bg6 {[%csl Rd3][%cal Gc5d3]
would be much more effective...}) 36. Kd2 (36. Rbd2 Na4 37. Rxd3 Nxc3 38. R1d2
Nxa2+ (38... Rb4) 39. Kb2 Nb4 $15) 36... Ba6 37. Rb4 Rxb4 38. Bxb4 Nd3 39. Rb1
Nxf2 40. Rb3 Ne4+ 41. Kd1 Bb5 {Time trouble is over, White is a pawn down, and
has no move at all. I was wondering why he was not resigning. perhaps, as has
happened many times before he was hoping to "manage to make it to the draw".}
42. Rb2 a6 (42... h5 $5 {[%cal Gg7g5,Gf6f5,Yh7g6]}) 43. g4 g6 44. h4 Rd8+ 45.
Ke1 Rd3 {Missing the simple:} 46. Rb3 (46. Nd1 Rh3 {[%cal Rh3h1]}) (46. Nf1 Rh3
{[%cal Gh3h1]}) 46... Rd7 47. Rb1 Rd4 48. Rb3 Kg7 49. h5 Kf7 50. hxg6+ Kxg6 51.
Ba3 {Stops Kg6-g5. Now after a prolonged period of thought I went for the
"winning" continuation:} Nd2 $6 (51... Kg5 52. Bc1) (51... Ra4 $1 {is winning.}
) 52. Rb4 Rd3 53. Bc1 Rxe3+ $4 ({It was not too late to switch to} 53... Nf3+
54. Kf2 Ne5 $17 {[%cal Gd3c3,Ye5d3]}) 54. Kxd2 Re2+ 55. Kd1 ({I thought that} 
55. Kc3 Rxa2 56. Bb2 Ra4 57. Rxa4 Bxa4 58. Kb4 Bd7 59. Ka5 Bxg4 60. Kxa6 h5 61.
Ba3 h4 62. Bd6 Kf5 {[%cal Gf5e4,Ge4f3,Yf6f5,Yf5f4,Rh4h3,Rh3h2] would be the
finish.}) 55... Rxa2 56. Bb2 Ra4 57. Rxa4 Bxa4+ 58. Ke2 a5 ({and only here I
realised with horror, that the intended gain of the third pawn:} 58... Kg5 {
is most easily refuted by} 59. Bc1+ Kxg4 60. Bxh6 $11 {[%csl Ra6,Yf6,Yh6][%cal
Ge2d2,Gd2c1,Gc1b2,Gb2a1]}) 59. Kf3 {Now it is a draw. I cannot easily trade
any of the pawns on the king's flank, as Molner will have enough time to
switch the defenders - bring the king to fight with the a-pawn, and sacrifice
the bishop for the remaining h- or f-pawn. An excellent game had been thrown
away.} Bd7 60. Kf4 a4 61. Ba3 Kf7 62. Bc1 Bb5 63. Ke3 Kg6 64. Kf4 Bd3 65. Ba3
Kf7 66. Bc1 Bh7 67. Kf3 Kg7 (67... h5 68. gxh5 Ke6 69. Kf4 (69. Bb2) 69... Kd5
70. Bb2 f5 71. Kg5 Kc4 72. Kh6 Kb3 73. Be5 $11) 68. Kf4 Kg6 69. Bb2 (69. Ba3
$11 {[%csl Rh6][%cal Ga3f8,Gf8h6]}) 69... Kf7 70. Kf3 Bc2 71. Kf4 Ke6 72. Ke3 (
72. Ba3 $11) 72... Bg6 73. Kf4 $2 {Amnesty!} (73. Ba3 f5 74. gxf5+ Bxf5 75. Kd4
h5 76. Bc1 h4 77. Bf4 {[%cal Gd4c3,Gc3b2,Gb2a1] would still draw.}) 73... f5 $1
74. gxf5+ (74. Bg7 Kf7 75. Bxh6 (75. Bb2 fxg4 76. Kxg4 Ke6 $19 {[%cal Ge6d5,
Gd5c4,Gc4b3]}) 75... a3) 74... Bxf5 {[%csl Gb1,Rb2,Gc2,Gd3,Ge4][%cal Gf5b1,
Yf4e3,Ye3d2,Yd2c1,Re6d5,Rd5c4,Rc4b3,Rb3b2] And it appears that the king cannot
reach the desired corner!} 75. Ba3 h5 76. Bf8 Bg6 77. Ke3 Kd5 78. Kd2 Kc4 79.
Kc1 Kb3 {[%csl Ga4]} 80. Bg7 a3 81. Be5 a2 82. Bf6 h4 83. Kd2 h3 84. Ke3 {
Gareev won his last game and the tournament, while I took clear second. Amanov
lost the decisive encounter for the GM norm, but gained the third place, and
showed that he has the necessary potential.} 0-1

[Event "World Cup"]
[Site "Skelleftea"]
[Date "1989.08.??"]
[Round "12"]
[White "Short, Nigel D"]
[Black "Nikolic, Predrag"]
[Result "1-0"]
[WhiteElo "2660"]
[BlackElo "2600"]
[Annotator "Bulletin"]
[PlyCount "69"]
[EventDate "1989.08.??"]
[EventType "tourn"]
[EventRounds "15"]
[EventCountry "SWE"]
[EventCategory "16"]
[SourceTitle "CBM 014"]
[Source "ChessBase"]
[SourceDate "1990.02.01"]
[SourceVersion "1"]
[SourceVersionDate "1990.02.01"]
[SourceQuality "1"]

1. e4 e5 2. Nf3 Nc6 3. Bc4 Nf6 4. Ng5 d5 5. exd5 Na5 6. Bb5+ c6 7. dxc6 bxc6 8.
Be2 h6 9. Nh3 {Bulletin: 'Steinitz'} Bd6 (9... Bc5 $5 10. O-O (10. d3 $5 O-O
11. Nc3 Bxh3 12. gxh3 Nb7 13. Bf3 Qd7 14. Bg2 Nd8 15. O-O Ne6 16. Kh1 Rab8 17.
Ne2 Nd5 $1 18. b3 f5 $15 {Lombardy-Rubinetti/Nice ol/1974/}) 10... O-O 11. d3
$1 Nb7 (11... Bxh3 12. gxh3 Qd7 13. Bf3 Qxh3 14. Nd2 Rad8 15. Bg2 Qf5 16. Qe1
Rfe8 17. Ne4 $16 {Fischer,R-Bisguier,A/New York/1963/1-0/29/ -> My 60
Memorable Games, p.280}) 12. Nc3 Bb6 13. Kh1 Nc5 14. Bf3 Nd5 15. Ng1 f5 16.
Nge2 Ba6 17. Re1 e4 $1 $15 18. dxe4 fxe4 19. Bxe4 Nxe4 20. Nxe4 Qh4 $44) 10. d3
O-O 11. Nc3 Rb8 {'?!' Bulletin. Bulletin: 'N, zu langsam'} 12. O-O Rb4 13. Kh1
Bxh3 14. gxh3 Rh4 15. Rg1 Rxh3 16. Rg3 Rh4 17. Qg1 Ne8 18. Ne4 Bc7 19. Nd2 e4
20. dxe4 Qe7 21. Rg2 f5 22. Nf3 Rh3 23. e5 Bxe5 24. Bd2 Bxb2 25. Re1 Qa3 26.
Rg3 Rxg3 27. Qxg3 Nf6 28. Nh4 Qxa2 29. f3 Qd5 30. Bd3 f4 31. Qg2 Rf7 32. Nf5
Kh8 33. Ne7 Qc5 34. Ng6+ Kg8 35. Qh3 1-0

[Event "Alushta4"]
[Site "Alushta"]
[Date "1994.??.??"]
[Round "6"]
[White "Morozevich, Alexander"]
[Black "Onischuk, Alexander"]
[Result "1-0"]
[WhiteElo "2590"]
[BlackElo "2535"]
[Annotator "Chekhov,V"]
[PlyCount "63"]
[EventDate "1994.??.??"]
[EventType "tourn"]
[EventRounds "9"]
[EventCountry "UKR"]
[EventCategory "13"]
[SourceTitle "CBM 042"]
[Source "ChessBase"]
[SourceDate "1994.10.01"]
[SourceVersion "1"]
[SourceVersionDate "1994.10.01"]
[SourceQuality "1"]

1. e4 {Blatny,P} e5 2. Nf3 Nc6 3. Bc4 Nf6 4. Ng5 d5 5. exd5 Na5 6. Bb5+ c6 7.
dxc6 bxc6 8. Be2 h6 9. Nf3 (9. Nh3 $5 Bd6 10. d3 O-O 11. Nc3 Rb8 12. O-O Rb4
13. Kh1 $1 Bxh3 14. gxh3 Rh4 15. Rg1 Rxh3 16. Rg3 {Short,N-Nikolic,P/SVE/1989/
1:0/35/} Rxg3 17. hxg3 $14) 9... e4 10. Ne5 Bd6 11. d4 exd3 (11... Qc7 12. Bd2
Nb7 13. O-O O-O 14. Na3 Be6 15. Qc1 Rfd8 16. Nac4 Bxc4 17. Bxc4 Bxe5 18. dxe5
Qxe5 19. Bf4 $16 {Bogoljubow,E-Zimmermann,J/SWZ/1928/}) (11... c5 $5 {Blatny,P}
) 12. Nxd3 Qc7 13. b3 O-O (13... c5 {Blatny,P /\c4-><<} 14. c4) 14. Bb2 Ne4 $5
$146 (14... Nd5 $5 15. Nc3 Nf4 16. Nxf4 Bxf4 17. g3 Rd8 18. Bd3 Re8+ 19. Ne2
Bg5 {Honfi,K-Tal,M/JUG/1966/} 20. h4 $1 Be7 21. Qd2 c5 $44 {Tal/} 22. Be4 $5
Bb7 23. Bxb7 Nxb7 24. O-O-O Rab8 25. Nc3) (14... Re8 15. h3 Ne4 16. O-O Qe7 17.
Nc3 Nxc3 18. Bxc3 Qxe2 19. Bxa5 Bf5 20. Re1 Qxd1 21. Raxd1 Rxe1+ 22. Rxe1 Rb8
23. g4 Bg6 24. Kf1 h5 25. Re3 Rb5 26. Bd2 f6 27. f4 Rd5 28. Ke2 hxg4 29. hxg4
f5 30. c4 Rd4 31. Bc3 Re4 32. Rxe4 fxe4 33. Ne5 Bxe5 34. Bxe5 Be8 35. Ke3 Kf7
36. Kxe4 g6 37. Kd4 Ke7 38. Kc5 Kd7 39. Bb8 Kc8 40. Bxa7 Kb7 41. Bb6 Bd7 42. g5
Bf5 43. b4 Bc2 44. a4 {1-0 Kasparov,G-Timman,J (2)/Moscow PCA 25' (01) 1994})
15. Nc3 f5 $1 16. h3 (16. f4 {Blatny,P} Ba6 (16... Bxf4 17. Nxf4 Qxf4 18. Nxe4
fxe4 19. Qd4 {->0-0}) 17. O-O Rad8 $44) 16... Bb7 (16... Ba6 {Blatny,P -->
Morozevich-Nenashev/Alushta4/1994/}) (16... Rb8 $5 {Blatny,P} 17. O-O c5 18.
Nd5 Qd7 19. c4 $14) 17. O-O a6 $6 (17... Rad8 $5) (17... c5 $2 {Blatny,P} 18.
Nb5 Qc6 19. Nxd6 Nc3 20. Bf3 $18) 18. Qe1 c5 (18... Rad8 {Blatny,P} 19. Rd1
Rfe8 20. Nxe4 Rxe4 21. Bc3 $18) 19. Rd1 Rae8 (19... Ng5 $5 {/\ 20...Nh3 21.gh3
Bh2#} 20. f4 Ne4 21. Nxe4 fxe4 22. Ne5) 20. Nc1 (20. Nxe4 {Blatny,P} Bxe4 (
20... fxe4 21. Nc1) 21. c4 $13) 20... Be5 (20... Ng5 21. Nd5) (20... Bh2+ {
Blatny,P} 21. Kh1 {/^a8-h1K} Be5) 21. Nxe4 fxe4 (21... Bxb2 22. Nd6 Re7 23.
Nxb7 Nxb7 24. Qd2 $16) (21... Bxe4 {Blatny,P} 22. Bxe5 Rxe5 23. Qc3 $16) 22.
Bxe5 Rxe5 23. Qd2 Rg5 (23... Rd5 24. Qe3) 24. Qd6 (24. Qe3 Rf3 $2 (24... Nc6 $5
) 25. Bxf3 exf3 26. g4 $18) 24... Qc8 $6 (24... Qf7 $8 25. h4 Rg6 (25... Rf5
26. Bg4 $16) 26. Bh5 $2 (26. Qxc5 $16) 26... Rxg2+ 27. Kxg2 Qxh5 $13) (24...
Qxd6 {Blatny,P} 25. Rxd6 e3 26. g4 exf2+ 27. Rxf2 Rxf2 (27... Ra8 28. Nd3 $18)
(27... h5 28. Rxf8+ Kxf8 29. h4 $18) 28. Kxf2 $18) 25. h4 Rgf5 26. Bg4 R8f6 27.
Qe7 Nc6 28. Bxf5 Qxf5 (28... Rxf5 29. Qd7 $18) 29. Qxb7 Qg4 30. Qd7 Re6 31. Rd6
Nd4 32. Rxd4 1-0

[Event "Reykjavik zt"]
[Site "Reykjavik"]
[Date "1995.??.??"]
[Round "3"]
[White "Ernst, Thomas"]
[Black "Sammalvuo, Tapani"]
[Result "1-0"]
[WhiteElo "2465"]
[BlackElo "2390"]
[Annotator "Ernst,T"]
[PlyCount "85"]
[EventDate "1995.03.??"]
[EventType "swiss"]
[EventRounds "11"]
[EventCountry "ISL"]
[SourceTitle "CBM 047"]
[Source "ChessBase"]
[SourceDate "1995.08.01"]
[SourceVersion "1"]
[SourceVersionDate "1995.08.01"]
[SourceQuality "1"]

1. e4 e5 2. Nf3 Nc6 3. Bc4 Nf6 4. Ng5 d5 (4... Bc5 5. Bxf7+ Ke7 6. Bb3 $14) 5.
exd5 Na5 6. Bb5+ c6 (6... Bd7) 7. dxc6 bxc6 8. Be2 h6 9. Nh3 {[#]} Bc5 (9...
Qd4 $5 {Maroczy. /\ 10.Ng1?? Bc5} 10. O-O (10. c3 $6 Qd5 11. O-O g5 12. Re1 (
12. f4 $2 Bxh3 13. gxh3 gxf4 $17) (12. Bf3 e4 13. Be2 Bf5 $17) (12. d4 $2 g4
13. dxe5 gxh3 14. Bf3 Qxd1 15. Rxd1 Nd5 $19) 12... Be6 13. d4 g4 $15) 10... Qh4
11. Kh1 Bxh3 12. gxh3 Bd6 $1 $13 {/\ ><h2}) 10. d3 Bxh3 11. gxh3 Qd4 12. O-O
Qh4 13. Bf3 Qxh3 14. Bg2 $16 {^^,><a7,><c6} Qe6 {[#]} (14... Qh4 15. Qe1 Ng4 $2
16. h3 $18) 15. Qf3 $6 (15. c3 Bb6 16. b4 Nb7 17. b5 Nd8 18. Ba3 $16) 15... Nd5
$1 16. Bd2 Nb7 17. Nc3 $2 (17. b4 $1 Bd4 18. c3 Bb6 19. b5 $18) 17... Ne7 18.
Bh3 f5 19. Qh5+ Qf7 20. Qe2 {[#]} Bd4 $2 (20... Qf6 21. Rae1 Bd6 22. f4 $16) (
20... Bd6 $1 21. f4 (21. Rae1 O-O 22. f4 exf4 23. Bxf4 Rae8 $13) 21... exf4 22.
Bxf4 Bxf4 23. Rxf4 O-O 24. Raf1 (24. Re1) 24... Nd6 25. Ne4 Qg6+ 26. Ng3 Nd5
$13) 21. Na4 $16 Qf6 22. c3 Bb6 23. Nxb6 axb6 24. Rfe1 Nc5 25. b4 $1 Nd7 26. f4
exf4 27. Bxf4 Kf7 28. Bg2 Rhe8 $2 (28... Rae8 $142 29. Qb2 (29. Qh5+ $5 g6 30.
Qd1) 29... Kg6 30. a4 $16) 29. b5 $1 Nd5 30. Qh5+ g6 (30... Kf8 31. Bg3) 31.
Qxh6 Rxe1+ 32. Rxe1 Rh8 {[#]} 33. bxc6 $1 (33. Qg5) 33... Rxh6 34. Bxd5+ Kg7
35. cxd7 Qh4 (35... Qd8 36. Re8 $18) 36. Bxh6+ Kxh6 37. Re8 Qg5+ 38. Bg2 Qc1+
39. Bf1 Qg5+ 40. Kf2 Qd2+ 41. Be2 Qf4+ 42. Kg2 Qg5+ 43. Kh3 1-0